UM Logo

Animation, volume 1/ (Record no. 5517)

MARC details
000 -LEADER
fixed length control field 00567nam a22001697a 4500
008 - FIXED-LENGTH DATA ELEMENTS--GENERAL INFORMATION
fixed length control field 161110b xxu||||| |||| 00| 0 eng d
020 ## - INTERNATIONAL STANDARD BOOK NUMBER
International Standard Book Number 978-971-23-7813-3
082 ## - DEWEY DECIMAL CLASSIFICATION NUMBER
Edition number 2016
Classification number DFil 006.66
Item number An54a
245 ## - TITLE STATEMENT
Title Animation, volume 1/
Statement of responsibility, etc. Innovative Training Works, Inc.
250 ## - EDITION STATEMENT
Edition statement First edition.
260 ## - PUBLICATION, DISTRIBUTION, ETC. (IMPRINT)
Place of publication, distribution, etc. Sampaloc, Manila:
Name of publisher, distributor, etc. Rex Book Store,
Date of publication, distribution, etc. c2016.
300 ## - PHYSICAL DESCRIPTION
Extent 294 pages:
Other physical details illustrations;
Dimensions 25 cm.
500 ## - GENERAL NOTE
General note Includes bibliographical references and index.
650 #0 - SUBJECT ADDED ENTRY--TOPICAL TERM
9 (RLIN) 17007
Topical term or geographic name as entry element Computer animation.
650 #0 - SUBJECT ADDED ENTRY--TOPICAL TERM
9 (RLIN) 17008
Topical term or geographic name as entry element Web sites
General subdivision Design.
942 ## - ADDED ENTRY ELEMENTS (KOHA)
Source of classification or shelving scheme Dewey Decimal Classification
Koha item type Filipiniana
Holdings
Withdrawn status Lost status Source of classification or shelving scheme Damaged status Not for loan Collection code Home library Current library Date acquired Source of acquisition Total Checkouts Full call number Barcode Date last seen Price effective from Koha item type
    Dewey Decimal Classification     Filipiniana UM Digos College - LIC UM Digos College - LIC 10/27/2016 Purchased   DFil 006.66 An54a 2016 24489 05/15/2025 11/10/2016 Filipiniana